Every Governor of Louisiana - Statistics

General Stats
  • This quiz has been taken 36 times
    20 since last reset
  • The average score is 9 of 64
Answer Stats
Picture Hint Answer % Correct
R(2024-) Jeff Landry
80%
D(1956-1960) Earl Long
70%
D(1948-1952) Earl Long
70%
D(1939-1940) Earl Long
70%
D(1992-1996) Edwin Edwards
70%
D(1984-1988) Edwin Edwards
70%
D(1972-1980) Edwin Edwards
70%
D(1928-1932) Huey Long
70%
D(2016-2024) John Bel Edwards
70%
R(2008-2016) Bobby Jindal
60%
D(2004-2008) Kathleen Blanco
30%
W(1835-1839) Edward Douglass White Sr.
20%
AR(1824-1828) Henry Johnson
20%
D(1846-1850) Isaac Johnson
20%
D(1960-1964) Jimmie Davis
20%
D(1944-1948) Jimmie Davis
20%
D(1864-1865) Henry Watkins Allen
10%
D(1908-1912) Jared Y. Sanders Sr.
10%
D(1850-1853) Joseph Marshall Walker
10%
D(1932-1936) Oscar K. Allen
10%
R(1872-1873) P. B. S. Pinchback
10%
D(1940-1944) Sam H. Jones
10%
DR(1820-1824) Thomas B. Robertson
10%
D(1860-1864) Thomas Overton Moore
10%
D(1843-1846) Alexandre Mouton
0%
D(1932-1932) Alvin Olin King
0%
W(1839-1843) Andre B. Roman
0%
NR(1831-1835) Andre B. Roman
0%
NR(1829-1830) Arnaud Beauvais
0%
NP(1867-1868) Benjamin Flanders
0%
D(1988-1992) Buddy Roemer
0%
R(1980-1984) Dave Treen
0%
D(1888-1892) Francis T. Nicholls
0%
D(1877-1880) Francis T. Nicholls
0%
NP(1862-1864) George Foster Shepley
0%
R(1868-1872) Henry C. Warmoth
0%
D(1924-1926) Henry L. Fuqua
0%
DR(1824-1824) Henry S. Thibodaux
0%
NR(1830-1831) Jacques Dupré
0%
DR(1816-1820) Jacques Villeré
0%
D(1936-1936) James A. Noe
0%
R(1865-1867) James Madison Wells
0%
D(1873-1873) John McEnery
0%
D(1964-1972) John McKeithen
0%
D(1920-1924) John M. Parker
0%
NP(1868-1868) Joshua Baker
0%
D(1880-1881) Louis A. Wiltz
0%
D(1912-1916) Luther E. Hall
0%
R(1864-1865) Michael Hahn
0%
R(1996-2004) Mike Foster
0%
D(1892-1900) Murphy J. Foster
0%
D(1904-1908) Newton C. Blanchard
0%
D(1926-1928) Oramel H. Simpson
0%
D(1853-1856) Paul Octave Hébert
0%
AR(1828-1829) Pierre Derbigny
0%
D(1936-1939) Richard W. Leche
0%
D(1856-1860) Robert C. Wickliffe
0%
D(1952-1956) Robert F. Kennon
0%
D(1916-1920) Ruffin G. Pleasant
0%
D(1881-1888) Samuel D. McEnery
0%
R(1877-1877) Stephen B. Packard
0%
DR(1812-1816) William C. C. Claiborne
0%
R(1873-1877) William Kellogg
0%
D(1900-1904) William Wright Heard
0%
No matching quizzes found
Score Distribution
Percent of People with Each Score
Percentile by Number Answered
Your Score History
You have not taken this quiz since the last reset